| 000 | 00394nam a2200157Ia 4500 | ||
|---|---|---|---|
| 008 | 230711s9999||||xx |||||||||||||| ||und|| | ||
| 041 | _aENG | ||
| 082 |
_a621.381 _bFL-M |
||
| 100 | _aFlind,Andy | ||
| 245 | 0 | _aMore electronic projects in the home | |
| 250 | _a1st | ||
| 260 |
_c1981 _aNew Delhi _bButterworth-Heinemann Ltd |
||
| 300 | _a208 | ||
| 650 | _aElectronics Engineering | ||
| 942 | _cBK | ||
| 999 |
_c2016 _d2016 |
||